[Event "Eastern Asia-ch U16 Girls"]
[Site "Tornelo INT"]
[Date "2021.10.24"]
[Round "7"]
[White "Nguyen, Thi Thuy Quyen"]
[Black "Trisha, B."]
[Result "0-1"]
[WhiteElo "1564"]
[BlackElo "1241"]
[PlyCount "92"]
[EventDate "2021.10.22"]
[EventType "swiss"]
[EventRounds "9"]
[EventCountry "NET"]
[SourceTitle "EXT 2023"]
[Source "ChessBase"]
[SourceDate "2022.10.05"]
[SourceVersion "1"]
[SourceVersionDate "2022.10.05"]
[SourceQuality "1"]

1. d4 Nf6 2. c4 g6 3. Nc3 d5 4. e3 Bg7 5. f3 0-0 6. Bd3 b6 7. Nge2 Bb7 8. 0-0 Nbd7 9. b4 e5 10. Bb2 exd4 11. exd4 dxc4 12. Bxc4 a6 13. Ng3 b5 14. Bb3 Nb6 15. Nce4 Nfd5 16. Qd2 Nd7 17. Nc5 Nxc5 18. bxc5 Re8 19. Ne4 a5 20. a4 b4 21. Rfd1 Kh8 22. Rac1 Bc6 23. Re1 Qd7 24. Nf2 Bxa4 25. Bxa4 Qxa4 26. Ra1 Qc6 27. Nd3 Red8 28. Nf4 Nxf4 29. Qxf4 Qd7 30. Kh1 a4 31. c6 Qxc6 32. Qxf7 Rf8 33. Qe7 a3 34. Rac1 Qe8 35. Qxb4 axb2 36. Qxb2 Qd7 37. Qb7 Rac8 38. d5 Rfd8 39. Rcd1 Rb8 40. Qa7 Ra8 41. Qc5 Qd6 42. Qc4 Rdb8 43. Re6 Qd7 44. d6 cxd6 45. Rexd6 Qxd6 46. Rxd6 Rb1+ 0-1

[Event "Eastern Asia-ch U16 Girls"]
[Site "Tornelo INT"]
[Date "2021.10.24"]
[Round "8"]
[White "Trisha, B."]
[Black "Ratnapriya, K."]
[Result "0-1"]
[WhiteElo "1241"]
[BlackElo "1587"]
[PlyCount "98"]
[EventDate "2021.10.22"]
[EventType "swiss"]
[EventRounds "9"]
[EventCountry "NET"]
[SourceTitle "EXT 2023"]
[Source "ChessBase"]
[SourceDate "2022.10.05"]
[SourceVersion "1"]
[SourceVersionDate "2022.10.05"]
[SourceQuality "1"]

1. e4 e5 2. Nf3 Nc6 3. Nc3 Nf6 4. d4 exd4 5. Nxd4 Bb4 6. Nxc6 bxc6 7. Bd3 d5 8. exd5 cxd5 9. 0-0 0-0 10. Bg5 c6 11. Qf3 Be7 12. Rfe1 h6 13. Bf4 Be6 14. h3 c5 15. Rad1 Qb6 16. b3 Rfe8 17. Be2 a6 18. Qg3 Kh8 19. Bf3 Qb4 20. Be5 Red8 21. Kf1 Rac8 22. Nxd5 Bxd5 23. Rxd5 c4 24. Rxd8+ Rxd8 25. c3 Qa3 26. bxc4 Qxa2 27. Bc7 Re8 28. Bc6 Qxc4+ 29. Kg1 Qxc6 30. Rd1 Rc8 31. Be5 Qe6 32. Bd4 Bc5 33. Be5 Bxf2+ 34. Qxf2 Qxe5 35. Qc2 Qe4 36. Qb3 Qe3+ 37. Kh1 Qe6 38. Qc2 Ne4 39. Re1 Ng3+ 40. Kh2 Qxe1 41. Qd3 Nf1+ 42. Kh1 Ne3+ 43. Kh2 Qf2 44. Qe4 Nf1+ 45. Kh1 Ng3+ 46. Kh2 Nxe4 47. h4 Rxc3 48. h5 Qg3+ 49. Kh1 Rc1# 0-1